Costes del transporte aéreo comercial

Na minha lista:
Detalhes bibliográficos
Autor principal: Gómez Artine, Alejandro G (Author)
Formato: Livro
Idioma:espanhol
Publicado em: Madrid s.n 1988
Assuntos:
Tags: Adicionar Tag
Sem tags, seja o primeiro a adicionar uma tag!

MARC

LEADER 00000nam a2200000 a 4500
001 UCV4750
003 CL-VaPUC
008 920123e19880000SP |||||||||||||||||spa|d
082 0 4 |a 387.71  |b GOM  |2 21 
100 0 |a Gómez Artine, Alejandro G  |e author  |9 298949 
245 1 0 |a Costes del transporte aéreo comercial 
300 |a 348 p 
942 |c BK 
945 |d 19920123 00:00:00 
260 |a Madrid  |b s.n  |c 1988 
650 7 |a AVIACION COMERCIAL  |2 CL-VaPUC  |9 260764 
650 0 |a Costos   |9 261063 
583 |a last modification  |c 20120717 11:48:11  |k Rodrigo Vera 
999 |c 211438  |d 211436 
952 |0 0  |1 0  |4 0  |6 387_710000000000000_GOM_1988  |7 0  |8 A  |9 190773  |a BIBING  |b BIBING  |d 2019-11-14  |i 2584085  |o 387.71 GOM 1988  |p 2584085  |r 2025-01-20  |w 2019-11-14  |y BK  |k TRA